000 00664cam a22001935a 4500
001 L155957
008 120423s1866 xxk f 000 0 eng d
035 _a(Sirsi) u155957
041 0 _aeng
100 1 _aGrady, Standish Grove
_d1815-1891
245 0 4 _aThe law of fixtures
_bwith reference to real property and chattels of a personal nature, to which is added the law of dilapidations, ecclesiastical and lay
250 _a2nd ed.
260 _aLondon
_bWildy and Sons
_c1866
300 _axxvii, 511 p.
_c20 cm.
583 _aCondition reviewed
_c20120620
_lcondition level 4
651 4 _aGreat Britain
_y1707-
690 _aDilapidations
_96235
942 _n0
999 _c113944
_d113944